000
00348cam a2200145ua 4500
041
_a
eng
_h
082
_a
342.02
_b
PAL/IN
100
_a
M.R. Palande, palande .
245
_a
Introduction to the Indian Constitution
260
_a
:
_b
Oxford University press ,
_c
1956.
300
_a
522 ; .
504
_a
942
_c
BK
999
_c
11227
_d
11227